Integrated Tech Solutions Tracklist (Aesop Rock) - Statistics

General Stats
  • This quiz has been taken 7 times
  • The average score is 10 of 18
Answer Stats
Hint Answer % Correct
2 Mindful Solutionism
100%
1 The ITS Way
100%
18 Black Snow
80%
3 Infinity Fill Goose Down
80%
7 100 Feet Tall
60%
10 Aggressive Steven
60%
13 All City Nerve Map
60%
11 Bermuda
60%
12 By the River
60%
6 Kyanite Toothpick
60%
4 Living Curfew
60%
14 Forward Compatibility Engine
40%
15 On Failure
40%
8 Salt and Pepper Squid
40%
16 Solid Gold
40%
9 Time Moves Differently Here
40%
17 Vititus
40%
5 Pigonometry
20%
No matching quizzes found
Score Distribution
Percent of People with Each Score
Percentile by Number Answered
Your Score History
You have not taken this quiz